| 000 | 00301nam a22000977a 4500 | ||
|---|---|---|---|
| 008 | 150422b xxu||||| |||| 00| 0 eng d | ||
| 020 |
_a0521 57069 7 (hardback) _cAvailable |
||
| 050 | _a533.21015194LAN | ||
| 245 |
_aComputational Gasdynamics _cLaney Culbert B |
||
| 260 |
_aUK _bCambridge University Press _c1998 |
||
| 999 |
_c24789 _d24789 |
||